<?xml version="1.0" encoding="UTF-8"?>
<record
    xmlns:xsi="http://www.w3.org/2001/XMLSchema-instance"
    xsi:schemaLocation="http://www.loc.gov/MARC21/slim http://www.loc.gov/standards/marcxml/schema/MARC21slim.xsd"
    xmlns="http://www.loc.gov/MARC21/slim">

  <leader>00823nam a2200193 a 4500</leader>
  <controlfield tag="005">20161008165935.0</controlfield>
  <controlfield tag="008">161008b2015    ck ad|||r||||i00| 0 spa d</controlfield>
  <datafield tag="040" ind1=" " ind2=" ">
    <subfield code="a">CO-BoIAVH </subfield>
    <subfield code="c">CO-BoIAVH </subfield>
  </datafield>
  <datafield tag="041" ind1="0" ind2=" ">
    <subfield code="a">spa</subfield>
  </datafield>
  <datafield tag="044" ind1=" " ind2=" ">
    <subfield code="a">ck</subfield>
  </datafield>
  <datafield tag="082" ind1="0" ind2="4">
    <subfield code="a">304.25</subfield>
    <subfield code="b">P95i</subfield>
  </datafield>
  <datafield tag="245" ind1="0" ind2="0">
    <subfield code="a">Primer informe bienal de actualizaci&#xF3;n de Colombia ante la Convenci&#xF3;n Marco de las Naciones Unidas sobre el Cambio Clim&#xE1;tico 2015</subfield>
  </datafield>
  <datafield tag="260" ind1=" " ind2=" ">
    <subfield code="a">Bogot&#xE1;, Colombia : </subfield>
    <subfield code="b">IDEAM : </subfield>
    <subfield code="b">PNUD : </subfield>
    <subfield code="b">MADS : </subfield>
    <subfield code="b">DNP : </subfield>
    <subfield code="b">Canciller&#xED;a, </subfield>
    <subfield code="c">2015.</subfield>
  </datafield>
  <datafield tag="300" ind1=" " ind2=" ">
    <subfield code="a">244 p&#xE1;ginas : </subfield>
    <subfield code="b">ilustraciones a color y gr&#xE1;ficas ; </subfield>
    <subfield code="c">28 x 22 cm.</subfield>
  </datafield>
  <datafield tag="650" ind1="2" ind2="6">
    <subfield code="a">Cambio clim&#xE1;tico</subfield>
    <subfield code="v">informe</subfield>
    <subfield code="z">Colombia</subfield>
    <subfield code="y">2015</subfield>
  </datafield>
  <datafield tag="650" ind1="2" ind2="6">
    <subfield code="a">Mitigaci&#xF3;n del cambio clim&#xE1;tico</subfield>
    <subfield code="v">informe</subfield>
    <subfield code="z">Colombia</subfield>
    <subfield code="y">2015</subfield>
  </datafield>
  <datafield tag="650" ind1="2" ind2="6">
    <subfield code="a">Gases de efecto invernadero</subfield>
    <subfield code="v">informe</subfield>
    <subfield code="z">Colombia</subfield>
    <subfield code="y">2015</subfield>
  </datafield>
  <datafield tag="942" ind1=" " ind2=" ">
    <subfield code="2">ddc</subfield>
    <subfield code="c">LIBRO</subfield>
  </datafield>
  <datafield tag="999" ind1=" " ind2=" ">
    <subfield code="c">19065</subfield>
    <subfield code="d">19065</subfield>
  </datafield>
  <datafield tag="952" ind1=" " ind2=" ">
    <subfield code="0">0</subfield>
    <subfield code="1">0</subfield>
    <subfield code="2">ddc</subfield>
    <subfield code="4">0</subfield>
    <subfield code="7">0</subfield>
    <subfield code="8">GENERAL</subfield>
    <subfield code="I">INV2017</subfield>
    <subfield code="a">Bogota</subfield>
    <subfield code="b">Bogota</subfield>
    <subfield code="d">2016-10-08</subfield>
    <subfield code="e">Instituto</subfield>
    <subfield code="g">39000.00</subfield>
    <subfield code="l">0</subfield>
    <subfield code="o">LB-304.25 P95i</subfield>
    <subfield code="p">040741</subfield>
    <subfield code="r">2016-10-08 00:00:00</subfield>
    <subfield code="t">Ej. 1</subfield>
    <subfield code="w">2016-10-08</subfield>
    <subfield code="x">Donacion</subfield>
    <subfield code="y">LIBRO</subfield>
  </datafield>
  <datafield tag="952" ind1=" " ind2=" ">
    <subfield code="0">0</subfield>
    <subfield code="1">0</subfield>
    <subfield code="2">ddc</subfield>
    <subfield code="4">0</subfield>
    <subfield code="7">0</subfield>
    <subfield code="8">GENERAL</subfield>
    <subfield code="a">Bogota</subfield>
    <subfield code="b">Bogota</subfield>
    <subfield code="d">2020-01-07</subfield>
    <subfield code="l">0</subfield>
    <subfield code="o">LB-304.25 P95i</subfield>
    <subfield code="p">043997</subfield>
    <subfield code="r">2020-01-07 00:00:00</subfield>
    <subfield code="t">Ej.2</subfield>
    <subfield code="w">2020-01-07</subfield>
    <subfield code="x">Donacion</subfield>
    <subfield code="y">LIBRO</subfield>
  </datafield>
</record>
